Les 50 plus Grandes Villes des Amériques - Statistiques

Statistiques générales
  • Ce quiz a été pris 567 fois
  • Le résultat moyen est 31 sur 50
Statistiques - réponses
Population (en millions d'hab) Pays Ville % Correct
22.5M États-Unis New-York
100%
18.7M États-Unis Los Angeles
98%
21.6M Mexique Mexico
98%
12.7M Brésil Rio de Janeiro
97%
15.1M Argentine Buenos Aires
94%
12.1M Pérou Lima
93%
36.3M Brésil São Paulo
93%
11M Colombie Bogotá
89%
9.8M États-Unis Chicago
89%
6.2M États-Unis Washington DC
88%
4.5M Brésil Brasilia
87%
7.5M Chilie Santiago
87%
6.9M États-Unis Miami
86%
6.5M Canada Toronto
85%
4.3M Canada Montréal
84%
8.3M États-Unis Boston
81%
4.6M États-Unis San Francisco
79%
7.6M États-Unis Dallas
77%
4.9M Venezuela Caracas
76%
7.2M États-Unis Houston
75%
4.9M États-Unis Seattle
70%
7.2M États-Unis Philadelphie
68%
6.8M États-Unis Atlanta
67%
4.3M États-Unis Détroit
65%
3.7M Haïti Port-au-Prince
65%
5.5M Guatemala Guatemala
64%
3.6M États-Unis Denver
62%
3.9M Colombie Medellín
62%
5M États-Unis Phoenix
61%
5.3M États-Unis San Diego
59%
5.2M Mexique Guadalajara
53%
4.2M République-Dominicaine Saint-Domingue
51%
2.9M Honduras Tegucigalpa
46%
3.2M États-Unis Portland
45%
4.1M États-Unis Orlando
44%
5.9M Brésil Belo Horizonte
43%
5.2M Mexique Monterrey
42%
4M Colombie Cali
41%
4M États-Unis Minneapolis
38%
4M Brésil Recife
38%
7.1M États-Unis San José
38%
4.3M Brésil Porto Alegre
31%
2.9M États-Unis Saint-Louis
29%
3.6M États-Unis Cleveland
28%
3.9M Brésil Salvador
27%
4.1M Brésil Fortaleza
26%
3.5M Équateur Guayaquil
23%
3.6M Brésil Curitiba
20%
3.1M Mexique Puebla
12%
3.3M Venezuela Maracaïbo
11%
Aucun quiz correspondant
Distribution des résultats
% des personnes avec chaque résultat
Percentile par nombre de réponses
Votre historique - résultats
Vous n’avez pas pris ce quiz